Az adózás többletterhei az Egyesült Államokban.

Daňový systém v USA, jeho vývoj, súčasný stav a perspektívy. Politické a ekonomické vplyvy na daňovú sústavu. Dane federálne, štátne a miestne. Použitie daní na regionálne sociálne, ekologické a iné účely. Federálne vypracovaný program, ktorým sa vymeriavajú, zdaňujú a rozdeľujú dane ako jeden z ťaž...

Descrizione completa

Salvato in:
Dettagli Bibliografici
Autore principale: Dale, W.J
Altri autori: Kun-Young, Y.
Natura: Capitolo di libro
Lingua:ungherese
Soggetti:
Tags: Aggiungi Tag
Nessun Tag, puoi essere il primo ad aggiungerne!!

MARC

LEADER 00000naa a2200000 4500
001 r005354
005 20221125113615.7
041 0 |a hun 
044 |a HU 
245 1 0 |a Az adózás többletterhei az Egyesült Államokban.  |c W.J. Dale, Y. Kun-Young 
520 |a Daňový systém v USA, jeho vývoj, súčasný stav a perspektívy. Politické a ekonomické vplyvy na daňovú sústavu. Dane federálne, štátne a miestne. Použitie daní na regionálne sociálne, ekologické a iné účely. Federálne vypracovaný program, ktorým sa vymeriavajú, zdaňujú a rozdeľujú dane ako jeden z ťažiskových zdrojov na financovanie všeužitočných výdavkov. Zdroje a výdaje daní v rokoch 1985/86, prepočítavacia tabuľka podľa federálneho kľúča. Štúdie o daňovom systéme USA. 
610 2 0 |a sústava daňová 
610 2 0 |a dane 
610 2 0 |a federácia 
610 2 0 |a štát 
610 2 0 |a obce 
610 2 0 |a USA 
610 2 0 |a výdavky rozpočtu štátneho 
610 2 0 |a údaje štatistické 
610 2 0 |a 1985-1986 
100 1 |a Dale, W.J. 
700 1 |a Kun-Young, Y.